| 000 | 02528nam a2200325 a 4500 | ||
|---|---|---|---|
| 001 | 000026643 | ||
| 003 | OSt | ||
| 005 | 20240229073954.0 | ||
| 008 | 110324s1991 dr a 001 | spa d | ||
| 040 |
_aDO-SdBNP _bspa _cBNPHU |
||
| 049 | _a | ||
| 082 | 4 |
_a917.7293 _bP953t _222 |
|
| 245 | 0 | 4 |
_aLos primeros turistas en Santo Domingo / _cselección, prólogos y notas de Bernardo Vega ; presentación de George Arzeno Brugal. |
| 260 |
_aSanto Domingo : _bFundación Cultural Dominicana, _c1991. |
||
| 300 |
_a315 p. : _bil. ; _c25 cm. |
||
| 490 | 0 | _aPublicaciones de la Fundación Cultural Dominicana | |
| 500 | _aIncluye índice onomástico. | ||
| 500 | _aIncluye índice de lugares y sitios geográficos. | ||
| 500 | _aIncluye referencias bibliográficas y notas al pie de las páginas | ||
| 505 | _aUna carta inédita de Sir Robert Schomburgk / Robert Schomburgk (1850) -- Un verano en las fronteras del Mar Caribe / Dennis Harris (1860) -- Los campos de oro de Santo Domingo/W. S. Courtney (1860) -- El viaje de El Escita en las Indias Occidentales/Susan de Forest Day (1898) -- Cuba y Puerto Rico con las demás islas de las Indias Occidentales / Robert T. Hill (1899) -- La cuna de lo profundo: relato de un viaje a las indias occidentales / Frederick Treves (1908) -- Navegando los mares soleados. Una historia de viajes / Ella Wheeler Cox (1909) -- El mediterráneo Americano / Stephen Bonsal (1912) -- Puerto Rico, pasado y presente, y el Santo Domingo de hoy / A. Hyatt Verrill (1914) -- El libro de las Indias Occidentales/ A. Hyatt Verrill (1919) -- A través de Santo Domingo y Haití / Samuel Guy Inman (1919) -- Andando por las Indias Occidentales/Harry A. Franck (1921) 185 -- Las Indias Occidentales, con la Guyana Británica y Honduras Británica / George Manington (1925) -- Las islas del Rayo Verde : Cuba, Jamaica, Haití, Puerto Rico y Antillas Menores / Mario Appelius (1928) -- Tras las huellas de los conquistadores/Samuel Guy Inman (1929) -- Peinando el Caribe / Harry L. Foster (1929). | ||
| 590 | _aInventariado,2020/VM | ||
| 650 | 4 |
_aTuristas _zRepública Dominicana _xHistoria _977553 |
|
| 650 | 4 |
_aTurismo _xAspectos económicos _zRepública Dominicana _98529 |
|
| 651 | 4 |
_aRepública Dominicana _xDescripciones y viajes _91651 _v _yHistoria |
|
| 700 | 1 |
_aBrugal, George Arzeno _953763 |
|
| 700 | 1 |
_aVega, Bernardo, _d1938 - _epról. _93222 |
|
| 710 | 2 |
_aFundación Cultural Dominicana _977555 |
|
| 910 | _aVMateo /Validado. Control de calidad MFF | ||
| 942 |
_2ddc _cLBS1 |
||
| 999 |
_c26135 _d26135 |
||